[Event "Las Vegas 1000 GM op"]
[Site "Las Vegas"]
[Date "2023.06.09"]
[Round "3"]
[White "Willow, Jonah B"]
[Black "Aliyev, Timur"]
[Result "1-0"]
[WhiteElo "2447"]
[BlackElo "2257"]
[PlyCount "59"]
[EventDate "2023.06.08"]
[EventType "swiss"]
[EventRounds "9"]
[EventCountry "USA"]
[SourceTitle "CBM 214 Extra"]
[Source "ChessBase"]
[SourceDate "2023.07.31"]
[SourceVersion "1"]
[SourceVersionDate "2023.07.31"]
[SourceQuality "1"]

1. e4 c5 2. Nf3 g6 3. d4 cxd4 4. Qxd4 Nf6 5. Nc3 Nc6 6. Qa4 d6 7. e5 dxe5 8. Nxe5 Bg7 9. Bb5 0-0 10. Nxc6 bxc6 11. Bxc6 Rb8 12. 0-0 Qc7 13. Bf3 Bf5 14. Re1 e5 15. Rb1 e4 16. Nxe4 Bxe4 17. Bxe4 Ng4 18. g3 Bc3 19. Rf1 Rb4 20. Qc6 Qxc6 21. Bxc6 Bd4 22. Bf3 Ne5 23. Bd5 Re8 24. Kg2 Rd8 25. Bb3 Bb6 26. Bg5 Rd7 27. Rfe1 Ng4 28. f3 h6 29. Bc1 Nf6 30. c3 1-0

[Event "Dimitrovgrad Teenagers op"]
[Site "Dimitrovgrad"]
[Date "2012.08.17"]
[Round "4"]
[White "Aliyev, Timur"]
[Black "Turaev, Rahmon"]
[Result "1-0"]
[WhiteElo "1745"]
[BlackElo "1489"]
[PlyCount "83"]
[EventDate "2012.08.16"]
[EventType "swiss"]
[EventRounds "7"]
[EventCountry "RUS"]
[SourceTitle "EXT 2022"]
[Source "ChessBase"]
[SourceDate "2021.10.06"]
[SourceVersion "1"]
[SourceVersionDate "2021.10.06"]
[SourceQuality "1"]

1. e4 e6 2. d4 g6 3. Ne2 Bg7 4. g3 b6 5. Bg2 Bb7 6. Be3 Ne7 7. 0-0 d6 8. c4 Nd7 9. Nbc3 f5 10. f3 0-0 11. d5 e5 12. Bg5 Nc5 13. b4 Nd7 14. Qd3 a5 15. a3 axb4 16. axb4 fxe4 17. fxe4 Nf6 18. Rxa8 Bxa8 19. h3 h6 20. Be3 Kh7 21. c5 bxc5 22. bxc5 c6 23. dxc6 dxc5 24. Qxd8 Rxd8 25. Bxc5 Nxc6 26. Nd5 Nxd5 27. exd5 Nd4 28. Nxd4 exd4 29. Rf7 Kg8 30. Bb6 Rd6 31. Bc5 Rd8 32. Rf4 Bxd5 33. Bxd4 Bxg2 34. Bxg7 Kxg7 35. Kxg2 g5 36. Ra4 Rd6 37. h4 Kf6 38. Kh3 Kg6 39. Ra8 Rf6 40. Ra7 Kh5 41. g4+ Kg6 42. h5# 1-0

[Event "Dimitrovgrad Teenagers op"]
[Site "Dimitrovgrad"]
[Date "2012.08.16"]
[Round "2"]
[White "Aliyev, Timur"]
[Black "Ishpulaev, Ivan"]
[Result "1/2-1/2"]
[WhiteElo "1745"]
[BlackElo "1464"]
[PlyCount "65"]
[EventDate "2012.08.16"]
[EventType "swiss"]
[EventRounds "7"]
[EventCountry "RUS"]
[SourceTitle "EXT 2022"]
[Source "ChessBase"]
[SourceDate "2021.10.06"]
[SourceVersion "1"]
[SourceVersionDate "2021.10.06"]
[SourceQuality "1"]

1. e4 e5 2. Nf3 Nc6 3. Bc4 Nf6 4. Nc3 Bc5 5. d3 d6 6. Bg5 0-0 7. Nd5 Bg4 8. Bxf6 gxf6 9. h3 Bh5 10. g4 Bg6 11. Nh4 Ne7 12. Nxe7+ Qxe7 13. Nf5 Bxf5 14. gxf5 Kh8 15. Qh5 Rg8 16. h4 Rg7 17. 0-0-0 Bxf2 18. Qf3 Bb6 19. c3 Rag8 20. d4 Rg4 21. Rd2 exd4 22. cxd4 Rxe4 23. Bxf7 Rgg4 24. Be6 Rxd4 25. Rxd4 Rxd4 26. Qg2 Qg7 27. Qxb7 Qf8 28. Rg1 Rxh4 29. Rg8+ Qxg8 30. Bxg8 Kxg8 31. Qc8+ Kg7 32. Qd7+ Kh6 33. Qf7 1/2-1/2

[Event "Chicago op 21st"]
[Site "Wheeling"]
[Date "2012.05.28"]
[Round "8"]
[White "Aliyev, Timur"]
[Black "Kretchetov, Alexandre"]
[Result "0-1"]
[WhiteElo "2258"]
[BlackElo "2339"]
[PlyCount "118"]
[EventDate "2012.05.24"]
[EventType "swiss"]
[EventRounds "9"]
[EventCountry "USA"]
[SourceTitle "CBM 148 Extra"]
[Source "ChessBase"]
[SourceDate "2012.06.22"]
[SourceVersion "1"]
[SourceVersionDate "2012.06.22"]
[SourceQuality "1"]

1. e4 e5 2. Nf3 Nc6 3. Nc3 Nf6 4. Bb5 Bb4 5. 0-0 0-0 6. d3 Bxc3 7. bxc3 Qe7 8. Re1 d6 9. h3 Nd8 10. d4 Ne6 11. a4 Rd8 12. Bf1 c5 13. a5 Qc7 14. d5 Nf8 15. g3 Bd7 16. Bg5 h6 17. Bxf6 gxf6 18. Nh4 Ng6 19. Nf5 Bxf5 20. exf5 Ne7 21. Qh5 Kg7 22. Ra4 Rh8 23. Rg4+ Kf8 24. Qh4 Ng8 25. Rb1 Rb8 26. Rb5 Qd7 27. Rxg8+ Kxg8 28. Qxf6 e4 29. c4 Kh7 30. Rb3 Rhe8 31. Re3 Re5 32. f4 exf3 33. Rxe5 dxe5 34. Bd3 Rf8 35. Kf2 Qd8 36. Qxe5 f6 37. Qe6 Qxa5 38. Qe7+ Kg8 39. Kxf3 Qa1 40. Kg4 Qe5 41. Qxc5 Rf7 42. Kf3 Rg7 43. g4 Qh2 44. Bf1 b6 45. Qe3 Kh7 46. Qe6 Qg1 47. Bg2 Qd4 48. Qe4 Qc5 49. h4 a5 50. Bf1 Qg1 51. Bg2 Qd1+ 52. Kg3 a4 53. c5 a3 54. cxb6 a2 55. b7 Rxb7 56. Qe8 Rg7 57. g5 hxg5 58. Bf3 Qg1+ 59. Bg2 gxh4+ 0-1

[Event "Chicago op 21st"]
[Site "Wheeling"]
[Date "2012.05.24"]
[Round "1"]
[White "Ivanisevic, Ivan"]
[Black "Aliyev, Timur"]
[Result "1-0"]
[WhiteElo "2655"]
[BlackElo "2258"]
[PlyCount "47"]
[EventDate "2012.05.24"]
[EventType "swiss"]
[EventRounds "9"]
[EventCountry "USA"]
[SourceTitle "CBM 148 Extra"]
[Source "ChessBase"]
[SourceDate "2012.06.22"]
[SourceVersion "1"]
[SourceVersionDate "2012.06.22"]
[SourceQuality "1"]

1. d4 Nf6 2. c4 g6 3. f3 c5 4. d5 d6 5. e4 Bg7 6. Ne2 0-0 7. Nec3 Nh5 8. g4 Nf6 9. h4 e6 10. h5 a6 11. a4 exd5 12. cxd5 Nbd7 13. Be2 Ne5 14. Be3 Rb8 15. Na3 Qe7 16. Kf2 Re8 17. h6 Bh8 18. g5 b5 19. axb5 axb5 20. Naxb5 Rxb5 21. Nxb5 Neg4+ 22. fxg4 Nxe4+ 23. Kg2 Ng3 24. Re1 1-0

[Event "Philadelphia op"]
[Site "Philadelphia"]
[Date "2011.04.22"]
[Round "5"]
[White "Song, Michael"]
[Black "Aliyev, Timur"]
[Result "1/2-1/2"]
[WhiteElo "2062"]
[BlackElo "2280"]
[PlyCount "107"]
[EventDate "2011.04.20"]
[EventType "swiss"]
[EventRounds "9"]
[EventCountry "USA"]
[SourceTitle "CBM 141 Extra"]
[Source "ChessBase"]
[SourceDate "2011.05.03"]
[SourceVersion "1"]
[SourceVersionDate "2011.05.03"]
[SourceQuality "1"]

1. e4 c5 2. Nc3 Nc6 3. f4 g6 4. Nf3 Bg7 5. Bb5 Nd4 6. 0-0 a6 7. Bc4 e6 8. d3 b5 9. Bb3 d6 10. Nxd4 cxd4 11. Ne2 Ne7 12. Qe1 0-0 13. Qf2 Nc6 14. Kh1 f5 15. exf5 gxf5 16. Bd2 a5 17. a4 b4 18. Ng1 Kh8 19. Nf3 Qf6 20. Rae1 Ra7 21. Ng5 Re7 22. Qf3 Nd8 23. Qa8 Bb7 24. Qxa5 h6 25. Nf3 Nc6 26. Qb5 Rb8 27. Qc4 d5 28. Qc5 Bf8 29. Ne5 Rg7 30. Qb6 Ba8 31. Qa6 Ra7 32. Qxc6 Bxc6 33. Nxc6 Rbb7 34. Nxa7 Rxa7 35. Re2 Ra6 36. Rfe1 Kg7 37. h3 h5 38. a5 Bc5 39. Ba4 Rd6 40. Bb5 Qd8 41. Ra1 Qb8 42. a6 b3 43. c4 dxc3 44. Bxc3+ d4 45. a7 Bxa7 46. Bb4 Rb6 47. Bc5 Rb7 48. Rxa7 Rxa7 49. Bxd4+ Kf7 50. Bxa7 Qxb5 51. Rd2 Qa5 52. Be3 Qa1+ 53. Bg1 Qe1 54. Rf2 1/2-1/2

[Event "Chicago op 19th"]
[Site "Wheeling"]
[Date "2010.05.28"]
[Round "3"]
[White "Aliyev, Timur"]
[Black "Yermolinsky, Alex"]
[Result "1/2-1/2"]
[WhiteElo "2218"]
[BlackElo "2528"]
[PlyCount "60"]
[EventDate "2010.05.27"]
[EventType "swiss"]
[EventRounds "9"]
[EventCountry "USA"]
[SourceTitle "CBM 136 Extra"]
[Source "ChessBase"]
[SourceDate "2010.07.02"]
[SourceVersion "2"]
[SourceVersionDate "2010.07.15"]
[SourceQuality "1"]

1. e4 c5 2. Nc3 e6 3. Nf3 a6 4. g3 b5 5. Bg2 Bb7 6. d3 d6 7. 0-0 Be7 8. e5 dxe5 9. Nxe5 Bxg2 10. Kxg2 Nd7 11. Nc6 Qc7 12. Qf3 Rc8 13. Nxe7 Nxe7 14. Bf4 e5 15. Bg5 f6 16. Be3 Qc6 17. Qxc6 Rxc6 18. a4 b4 19. Ne4 Nf5 20. Nd2 Kf7 21. Nc4 Nb6 22. Na5 Rc7 23. b3 h5 24. h4 e4 25. Bf4 Re7 26. Nc6 Re6 27. dxe4 Rxe4 28. Rfd1 Nxh4+ 29. gxh4 Rxf4 30. a5 Nc8 1/2-1/2

[Event "Pan American-ch"]
[Site "Washington DC"]
[Date "2006.12.29"]
[Round "4"]
[White "Aliyev, Timur"]
[Black "Fernandez, Daniel"]
[Result "0-1"]
[WhiteElo "2274"]
[BlackElo "2463"]
[PlyCount "78"]
[EventDate "2006.12.27"]
[EventType "swiss"]
[EventRounds "6"]
[EventCountry "USA"]
[SourceTitle "CBM 116 Extra"]
[Source "ChessBase"]
[SourceDate "2007.03.07"]
[SourceVersion "1"]
[SourceVersionDate "2007.03.07"]
[SourceQuality "1"]

1. e4 c5 2. Nc3 Nc6 3. g3 g6 4. Bg2 Bg7 5. d3 d6 6. Be3 Rb8 7. Qd2 b5 8. Nge2 Nd4 9. 0-0 e6 10. f4 Ne7 11. Nd1 0-0 12. Nc1 b4 13. c3 bxc3 14. bxc3 Qa5 15. e5 Ndf5 16. exd6 Nd5 17. Bf2 Nxd6 18. Ne2 Rd8 19. Rc1 Nf5 20. g4 Nd4 21. Bh4 Rd7 22. f5 exf5 23. gxf5 Nxf5 24. Rxf5 gxf5 25. Bxd5 Rxd5 26. Bg3 Rb6 27. Ne3 Bh6 28. Nf4 Bxf4 29. Bxf4 Rg6+ 30. Kf2 Rd8 31. Nc4 Qa4 32. Ne5 Rg7 33. Rg1 f6 34. Rxg7+ Kxg7 35. Bh6+ Kg8 36. Kg1 Bb7 37. Qe3 Qh4 38. Nc6 Bxc6 39. Qe7 Qg4+ 0-1

[Event "US Masters op"]
[Site "Hendersonville"]
[Date "2006.03.19"]
[Round "8"]
[White "Lopez, Noberto"]
[Black "Aliyev, Timur"]
[Result "0-1"]
[WhiteElo "2242"]
[BlackElo "2183"]
[PlyCount "100"]
[EventDate "2006.03.11"]
[EventType "swiss"]
[EventRounds "9"]
[EventCountry "USA"]
[SourceTitle "EXT 2007"]
[Source "ChessBase"]
[SourceDate "2006.11.23"]
[SourceVersion "1"]
[SourceVersionDate "2006.11.23"]
[SourceQuality "1"]

1. e4 c5 2. Nf3 Nc6 3. Bb5 g6 4. 0-0 Bg7 5. Nc3 e5 6. d3 Nge7 7. Nd5 0-0 8. Bg5 f6 9. Bh4 d6 10. Bc4 Kh8 11. a3 Rb8 12. c3 b5 13. Ba2 Nxd5 14. Bxd5 Ne7 15. Bb3 g5 16. Bg3 Bg4 17. h3 Bh5 18. Bh2 d5 19. g4 Bg6 20. exd5 Nxd5 21. d4 c4 22. Bc2 e4 23. Bxb8 Qxb8 24. Nd2 Qf4 25. Qe2 Re8 26. Rfe1 Bf8 27. Nf1 Bd6 28. a4 a6 29. axb5 axb5 30. Ra5 Nc7 31. Qe3 f5 32. Qxf4 gxf4 33. gxf5 Bxf5 34. f3 Rg8+ 35. Kh1 exf3 36. Nd2 Bxc2 37. Nxf3 Rg3 38. Ne5 Rxh3+ 39. Kg2 Rg3+ 40. Kf2 Kg7 41. Nf3 h5 42. Raa1 Kf6 43. Ne5 h4 44. Nd7+ Kf5 45. Nc5 h3 46. Rac1 Bxc5 47. Re5+ Kg4 48. Rxc5 Rg2+ 49. Kf1 Bd3+ 50. Ke1 h2 0-1